Mili o objecció ? : tot el que convé saber sobre el servei militar i l'objecció de consciència / text: Consell Nacional de la Joventut de Catalunya tot el que convé saber sobre el servei militar i l'objecció de consciència / text:
Descripción Física:
23 p. : il. ; 17 cm
MARC
| LEADER | 00000nam a2200000Ia 4500 | ||
|---|---|---|---|
| 001 | 10695 | ||
| 008 | 160829s1993 xx 000 0 cat d | ||
| 080 | |a FU-11-65 | ||
| 100 | |a Consell Nacional de la Joventut de Catalunya |9 22369 | ||
| 245 | |a Mili o objecció ? : |b tot el que convé saber sobre el servei militar i l'objecció de consciència / text: |b Consell Nacional de la Joventut de Catalunya | ||
| 250 | |a 2a ed. | ||
| 260 | |a Barcelona : |b Diputació de Barcelona. Servei de Joventut, |c 1993 | ||
| 300 | |a 23 p. : |b il. ; |c 17 cm | ||
| 590 | |a Hi ha un duplicat: DUP-21-57 | ||
| 650 | |a Servei militar obligatori |9 32887 | ||
| 650 | 0 | |a Objecció de consciència |9 46124 | |
| 710 | 1 | |a Barcelona (Catalunya : Província). |b Servei de Joventut |9 54681 | |
| 901 | |a Arxiu | ||
| 942 | |n 1 | ||
| 952 | |0 0 |1 0 |4 0 |6 FU1165 |7 1 |9 48287 |a Arxiu |b Arxiu |d 2016-12-01 |l 0 |o FU-11-65 |p 10695 |r 2016-12-01 00:00:00 |w 2016-12-01 |y ARXIU | ||
| 999 | |c 52093 |d 52093 | ||